Capitali che iniziano con la T - Statistics

Statistiche generali
  • Questo quiz è stato fatto 122 volte
  • Il punteggio medio è 6 su 11
Statistiche sulle risposte
Popolazione (ab.) Continente Capitale % Corretto
445 269 Europa Tallinn
82%
13 951 636 Asia Tokyo
71%
895 160 Europa TIrana
69%
1 171 100 Asia Tbilisi
62%
8 429 807 Asia Teheran
61%
2 371 300 Asia Taškent
58%
1 073533 Africa Tunisi
57%
1 051 600 America del Nord Tegucigalpa
48%
114 551 Asia Thimphu
46%
1 158 000 Africa Tripoli
40%
63 439 Oceania Tarawa Sud
38%
Nessun quiz corrispondente trovato
Distribuzione punteggi
Percentuale di utenti per punteggio
Percentile per numero di risposta
I tuoi punteggi nel tempo
Non hai fatto questo quiz